|
|
|
|
| LEADER |
00000naa a2200000uu 4500 |
| 001 |
vtls011037792 |
| 003 |
SK-MaSNL |
| 005 |
20260302124400.0 |
| 008 |
210904|1997 xo |||||||||||||||||eng| |
| 015 |
|
|
|a SNBRA
|
| 035 |
|
|
|a (urnnbn)urn:nbn:sk:snk:ar-008vmp
|
| 035 |
|
|
|a (uuid)2a4fb67b-4104-4930-81f3-6396028984bf
|
| 035 |
|
|
|a urn:nbn:sk:snk-aaur9i
|
| 040 |
|
|
|a SNKBUCL
|b slo
|c SNKBUCL
|e AACR2
|
| 041 |
0 |
|
|a eng
|
| 044 |
|
|
|a xo
|c SK
|
| 100 |
1 |
|
|a Paumgartner, Gustav
|4 aut
|9 810349
|
| 245 |
1 |
0 |
|a Bile Formation and Cholestasis: Molecular Mechanisms and Clinical Implications
|c Gustav Paumgartner
|
| 773 |
0 |
|
|t Liver and Drugs '96
|d Bratislava : BoArt, 1997
|g S. 9-17
|z 809673704X
|
| 958 |
|
|
|a OND
|
| 958 |
|
|
|a article12
|
| 958 |
|
|
|a chapter
|
| 999 |
|
|
|c 1287630
|d 1289560
|